• 首页
  • 本馆介绍
  • 公告通知
  • 最新文献
  • 馆藏检索
  • 电子资源
  • 读者导购
  • 参考咨询
  • 我的图书馆
  • 登录
  • 详细信息显示
  • 放入我的书架
  • 预约/预借图书
  • 作者相关作品
  • 分类相关作品
  • 丛书相关作品
  • 出版社相关作品

书目信息

  • 表格格式
  • 工作单格式
  • 卡片格式
题名:
杨树病虫害识别与防治生态原色图鉴
    
 
作者: 韩国生 , 刘仁军 , 马喜英 主编
分册:  
出版信息: 沈阳   辽宁科学技术出版社  2018.04
页数: 185页
开本: 26cm
丛书名:
单 册:
中图分类: S763.721.1-64
科图分类:
主题词: 杨树--yang shu--病虫害防治--图集
电子资源:
ISBN: 978-7-5591-0452-6
000 01049nam0 2200265 450
001 CAL 0120182463632
005 20230308143222.0
010    @a978-7-5591-0452-6@dCNY120.00
100    @a20180604d2018 em y0chiy0120 ea
101 0  @achi
102    @aCN@b210000
105    @aa a 000yy
106    @ar
200 1  @a杨树病虫害识别与防治生态原色图鉴@Ayang shu bing chong hai shi bie yu fang zhi sheng tai yuan se tu jian@f韩国生, 刘仁军, 马喜英主编
210    @a沈阳@c辽宁科学技术出版社@d2018.04
215    @a185页@c彩图@d26cm
320    @a有书目 (第185页)
330    @a本书包含55种主要杨树病虫害防治技术。其中害虫40种, 病害14种。并编写每个种类种名、学名、分布、主要形态描述、发生危害规律、主要防治技术。图文并貌, 每种配有文字描述及原色生态图片并防治操作现场图片。
606 0  @a杨树@Ayang shu@x病虫害防治@j图集
690    @aS763.721.1-64@v5
701  0 @a韩国生@Ahan guo sheng@4主编
701  0 @a刘仁军@Aliu ren jun@4主编
701  0 @a马喜英@Ama xi ying@4主编
801  0 @aCN@bBJXHXP@c20230308
905    @b1403930-2@dS763.721.1-64@e171@f3
    
    杨树病虫害识别与防治生态原色图鉴/韩国生, 刘仁军, 马喜英主编.-沈阳:辽宁科学技术出版社,2018.04
    185页:彩图;26cm
    
    
    ISBN 978-7-5591-0452-6:CNY120.00
    本书包含55种主要杨树病虫害防治技术。其中害虫40种, 病害14种。并编写每个种类种名、学名、分布、主要形态描述、发生危害规律、主要防治技术。图文并貌, 每种配有文字描述及原色生态图片并防治操作现场图片。
●
相关链接 在E读中查询图书 在五车中查询图书 在当当中查询图书 在豆瓣中查询图书


正题名:杨树病虫害识别与防治生态原色图鉴     索取号:S763.721.1-64/171         预约/预借

序号 登录号 条形码 馆藏地/架位号 状态 备注
1 1403930   214039306   第二样本阅览室/ [索取号:S763.721.1-64/171] 在馆    
2 1403931   214039315   第三借阅区/ [索取号:S763.721.1-64/171] 在馆    
3 1403932   214039324   第三借阅区/ [索取号:S763.721.1-64/171] 在馆    
唐山师范学院图书馆 欢迎您!
大连网信软件有限公司© 版权所有